コンテンツを見る
Inicio
Centros participantes
Catálogo
Servicios
Contacto
ログイン
English
Deutsch
Español
Français
Italiano
日本語
Nederlands
Português
Português (Brasil)
中文(简体)
中文(繁體)
Türkçe
עברית
Gaeilge
Cymraeg
Ελληνικά
Català
Euskara
Русский
Čeština
Suomi
Svenska
polski
Dansk
slovenščina
اللغة العربية
বাংলা
Galego
Tiếng Việt
Hrvatski
हिंदी
Հայերէն
Українська
Sámegiella
言語
全フィールド
タイトル
著者
主題
請求記号
ISBN/ISSN
タグ
検索
詳細検索
Diseno de superestructura de m...
この資料を引用
この資料をメール
印刷
エクスポート
エクスポート先: RefWorks
エクスポート先: EndNoteWeb
エクスポート先: EndNote
お気に入りに追加
パーマネントリンク
最初の評価を行う
Diseno de superestructura de madera para puentes de caminos vecinales
保存先:
書誌詳細
第一著者:
Fiatt Seravalli, Roberto
フォーマット:
学位論文
図書
言語:
Undetermined
出版事項:
1982
主題:
>
>
>
>
PUENTES
タグ:
タグ追加
タグなし, このレコードへの初めてのタグを付けませんか!
所蔵
その他の書誌記述
コメント
類似資料
MARC表示
MARC
LEADER
00000nam a2200000Ia 4500
001
2028
008
140114s9999 xx 000 0 und d
100
|a
Fiatt Seravalli, Roberto
245
|a
Diseno de superestructura de madera para puentes de caminos vecinales
260
|c
1982
500
|a
NULL
502
|a
Escuela de ingenieria Civil
650
|z
PUENTES
999
|c
11488
|d
11488
類似資料
Diseño de superestructura de madera para puentes de caminos vecinales
著者:: Fiatt Seravalli, Roberto
出版事項: (1982)
Puentes para caminos vecinales.
著者:: Monge Arias, Gustavo
出版事項: (1987)
Superestructura continua en puentes para carretera
著者:: Gutiérrez Rojas, Filiberto
出版事項: (1983)
Distribucion transversal de esfuerzos en superestructuras de puentes
著者:: Rojas Mata, Laura
出版事項: (1982)
Superestructura del puente sobre Quebrada Campamento
著者:: Camacho Benavides, Oscar
出版事項: (1974)